Písemnictví v jižních Čechách : průvodce stálou výstavou St. věd. knihovny, Čes. Budějovice ve Zlaté Koruně /

Další autoři: Janoušek, Bohumír, 1924-2007, Deyl, Marcel
Jazyk: Čeština
Vydáno: Čes. Budějovice : [Státní vědecká knihovna], 1981
Fyzický popis: 35, [1] s., barev. obr. příl. :: barev. il. ; 8°
Knihy
Uloženo v:
LEADER 00945nam a22002412a 4500
001 001127122
003 CZ BrMZK
005 20110530152838.0
007 ta
008 101110s1981 xr f er|||||||||||cze d
015 |a cnb001272981 
020 |q (Brož.) :  |c Kčs 20,00 
035 |a (OCoLC)85698562 
040 |a ABA001  |b cze  |c ABA001  |d ABA001 
245 0 0 |a Písemnictví v jižních Čechách :  |b průvodce stálou výstavou St. věd. knihovny, Čes. Budějovice ve Zlaté Koruně /  |c úv. statě naps. Marcel Deyl, Bohumír Janoušek 
260 |a Čes. Budějovice :  |b [Státní vědecká knihovna],  |c 1981 
300 |a 35, [1] s., barev. obr. příl. ::  |b barev. il. ;  |c 8° 
700 1 |a Janoušek, Bohumír,  |d 1924-2007  |7 jk01051049  |4 wfw 
700 1 |a Deyl, Marcel  |7 mzk2008458669  |4 wfw 
910 |a BOA001  |b 2-0841.722 
990 |a BK 
991 |b 201011 
996 6 |b 2619318700  |c 2-0841.722  |l MZK  |r Sklad / do 1 hodiny  |n 1  |w 001155912  |u 000010  |a 1  |e BOA001  |j MZK50  |s P